[Event "Open Semana Santa 2023"]
[Site "?"]
[Date "2023.04.10"]
[Round "9.122"]
[White "Rodriguez Bittar, Karim Javier"]
[Black "Galiana Fernandez, Hector"]
[Result "1-0"]
[WhiteElo "1959"]
[BlackElo "1599"]
[PlyCount "37"]

1. e4 c5 2. Nc3 Nc6 3. g3 g6 4. Bg2 Bg7 5. d3 e6 6. Be3 d6 7. Nge2 Nge7 8. Qd2
Rb8 9. Bh6 O-O 10. h4 Nd4 11. Nxd4 cxd4 12. Ne2 Qb6 13. O-O-O Bd7 14. h5 f5 15.
Bxg7 Kxg7 16. hxg6 hxg6 17. Qg5 Kf7 18. Rh7+ Kg8 19. Qxe7 1-0

[Event "Open Semana Santa 2023"]
[Site "?"]
[Date "2023.04.10"]
[Round "9.123"]
[White "Cesar Maestre, Eduardo"]
[Black "Martinez Villena, David"]
[Result "0-1"]
[WhiteElo "1649"]
[BlackElo "1958"]
[PlyCount "74"]

1. e4 c5 2. g3 d5 3. exd5 Qxd5 4. Nf3 Bg4 5. Bg2 Qe6+ 6. Kf1 Nc6 7. h3 Bh5 8.
d3 Nf6 9. Nc3 Qd7 10. Bf4 e6 11. Kg1 Be7 12. Qd2 Bxf3 13. Bxf3 Nd4 14. Bg2 Rd8
15. Kh2 h5 16. Rhe1 Kf8 17. Rad1 Bd6 18. Bxd6+ Qxd6 19. Ne4 Nxe4 20. Rxe4 h4
21. Qg5 hxg3+ 22. fxg3 Rh6 23. Rh4 Rxh4 24. Qxh4 Kg8 25. Be4 f5 26. Bh1 Nxc2
27. Qg5 Rd7 28. Qh5 Rf7 29. Qe2 Nd4 30. Qe3 f4 31. gxf4 Rxf4 32. Kg1 Nf5 33.
Qe2 Qd4+ 34. Kg2 Ne3+ 35. Kg3 Qe5 36. Re1 Rg4+ 37. Kf2 Qg3# 0-1

[Event "Open Semana Santa 2023"]
[Site "?"]
[Date "2023.04.10"]
[Round "9.124"]
[White "Fernandez Fernandez, Juan Carlos"]
[Black "Kondrashov, Ivan V"]
[Result "1-0"]
[WhiteElo "1953"]
[BlackElo "1582"]
[PlyCount "75"]

1. d4 d6 2. c4 g6 3. Nc3 Bg7 4. e4 Nd7 5. Be3 e5 6. f3 Ne7 7. Qd2 h6 8. O-O-O
c6 9. d5 c5 10. Bd3 a6 11. f4 Rb8 12. Nf3 f6 13. fxe5 fxe5 14. Rdf1 Qa5 15. Kb1
b5 16. Nxb5 Qb6 17. Nc3 Nf6 18. Qc1 Bd7 19. Be2 Kd8 20. Ne1 Kc7 21. Nd3 g5 22.
h3 Ng6 23. g3 Rbf8 24. Qd1 Qb8 25. h4 gxh4 26. gxh4 h5 27. Bg5 Ng4 28. Rxf8
Rxf8 29. Rf1 Rxf1 30. Qxf1 Qf8 31. Qxf8 Bxf8 32. Kc2 Bg7 33. b4 cxb4 34. Nxb4
a5 35. Nd3 Bf6 36. Bxg4 Bxg5 37. Bxd7 Bxh4 38. Be8 1-0

[Event "Open Semana Santa 2023"]
[Site "?"]
[Date "2023.04.10"]
[Round "9.125"]
[White "Kiryttopoulos, Ioannis"]
[Black "Marin Bellon, Federico"]
[Result "0-1"]
[WhiteElo "1620"]
[BlackElo "1950"]
[PlyCount "92"]

1. e4 c6 2. d4 d5 3. exd5 cxd5 4. Bd3 Nc6 5. c3 Qc7 6. h3 g6 7. Nf3 Bf5 8. O-O
Bxd3 9. Qxd3 Bg7 10. Bg5 Nf6 11. Nbd2 h6 12. Bxf6 Bxf6 13. Nb3 O-O 14. Qb5 e6
15. Nc5 b6 16. Nd3 a6 17. Qa4 b5 18. Qd1 a5 19. a3 b4 20. Qc1 bxc3 21. Qxc3 Qb6
22. Nc5 Ra7 23. Rac1 Rc8 24. Rfe1 Rac7 25. Qd2 Nxd4 26. Nd7 Nxf3+ 27. gxf3 Qxb2
28. Nxf6+ Qxf6 29. Rxc7 Rxc7 30. Qxa5 Rc3 31. f4 Rc4 32. Rb1 Kg7 33. Rb4 Qxf4
34. Rxc4 Qxc4 35. Qe1 Kf6 36. Qe3 h5 37. Qf3+ Kg7 38. Qg3 Qe4 39. Qb3 d4 40.
Qb2 e5 41. Qd2 d3 42. f4 Qd4+ 43. Kg2 e4 44. f5 e3 45. f6+ Kxf6 46. Qa5 d2 0-1

[Event "Open Semana Santa 2023"]
[Site "?"]
[Date "2023.04.10"]
[Round "9.127"]
[White "Crespo Ruiz, Manuel Maria"]
[Black "San Vicente Crespo, Pablo"]
[Result "0-1"]
[WhiteElo "1936"]
[BlackElo "1547"]
[PlyCount "82"]

1. d4 Nf6 2. Nf3 g6 3. Nc3 d5 4. Bf4 c5 5. Nb5 Qa5+ 6. Nc3 Qd8 7. e3 cxd4 8.
exd4 a6 9. a4 Nc6 10. Be2 Bg7 11. h3 Bf5 12. O-O O-O 13. Ne5 Qb6 14. Nxc6 bxc6
15. Rb1 Nd7 16. Be3 Qb4 17. g4 Be6 18. Qd2 Nb6 19. Ra1 Rfe8 20. a5 Nd7 21. Ra4
Qb7 22. Raa1 Qb4 23. Ra4 Qb7 24. b4 Nf6 25. f3 Bd7 26. Raa1 e5 27. Na4 exd4 28.
Bxd4 Qc7 29. Kg2 Nxg4 30. hxg4 Bxd4 31. Qxd4 Rxe2+ 32. Rf2 Rae8 33. Raf1 Qd8
34. Nc5 Bc8 35. Qd3 R2e3 36. Qd4 Qd6 37. Ne4 R8xe4 38. fxe4 Qg3+ 39. Kh1 Qh3+
40. Kg1 Rg3+ 41. Rg2 Qxg2# 0-1

[Event "Open Semana Santa 2023"]
[Site "?"]
[Date "2023.04.10"]
[Round "9.128"]
[White "Callealta, Andres"]
[Black "Robledo Sanchez, Saul"]
[Result "0-1"]
[WhiteElo "1601"]
[BlackElo "1931"]
[PlyCount "100"]

1. e4 c5 2. Nf3 e6 3. d3 Nc6 4. Nbd2 a6 5. a4 d5 6. g3 Nf6 7. Bg2 Be7 8. O-O
O-O 9. e5 Nd7 10. Qe2 Qc7 11. Re1 Rb8 12. h4 b5 13. axb5 axb5 14. Nf1 Bb7 15.
Bf4 Ra8 16. Rab1 Nb6 17. N1h2 b4 18. Ng5 Nd4 19. Qh5 Bxg5 20. hxg5 Rfe8 21. Ng4
Nf5 22. Nf6+ gxf6 23. gxf6 Kh8 24. g4 Rg8 25. gxf5 d4 26. f3 Nd5 27. Bd2 exf5
28. Kf2 Nxf6 29. Qh4 Nd5 30. Rh1 Rg7 31. Bh6 Rg6 32. Bf8 f6 33. Bd6 Qg7 34.
Rbg1 Rg8 35. Qh2 Ne3 36. Bf1 Rxg1 37. exf6 Qg2+ 38. Bxg2 R8xg2+ 39. Qxg2 Rxg2+
40. Ke1 Bxf3 41. Rh2 Nxc2+ 42. Kf1 Ne3+ 43. Ke1 Rxh2 44. Bxh2 Kg8 45. Bd6 c4
46. dxc4 Nxc4 47. Bxb4 d3 48. b3 d2+ 49. Bxd2 Nxd2 50. Kxd2 Kf7 0-1

[Event "Open Semana Santa 2023"]
[Site "?"]
[Date "2023.04.10"]
[Round "9.130"]
[White "Ainsa Jimenez, Lucas"]
[Black "Candela Martin, Martin,Alvaro"]
[Result "0-1"]
[WhiteElo "1533"]
[BlackElo "1917"]
[PlyCount "134"]

1. e4 e5 2. Nf3 Nc6 3. Bb5 a6 4. Ba4 d6 5. c3 Bd7 6. O-O Nge7 7. d4 Ng6 8. d5
Nb8 9. Re1 Be7 10. Nbd2 h6 11. Nf1 Bg5 12. Ng3 Bxc1 13. Bxd7+ Nxd7 14. Rxc1 O-O
15. c4 Nf4 16. Ne2 Qf6 17. Qd2 Nh3+ 18. Kf1 Nc5 19. Qe3 Nf4 20. Nxf4 exf4 21.
Qd4 Qxd4 22. Nxd4 Nd3 23. Rc3 Nxe1 24. Kxe1 Rfe8 25. f3 g6 26. Kf2 Rec8 27. Ne2
g5 28. Nd4 Kh7 29. Nf5 Rd8 30. Rb3 Rab8 31. Nd4 c5 32. dxc6 bxc6 33. Rxb8 Rxb8
34. b3 c5 35. Nf5 Rd8 36. Ne7 a5 37. g3 fxg3+ 38. Kxg3 a4 39. Nf5 axb3 40. axb3
Rd7 41. h4 Kg6 42. hxg5 hxg5 43. Kg4 f6 44. f4 gxf4 45. Kxf4 Kf7 46. Ke3 Ke6
47. Kd3 Rb7 48. Kc3 Ke5 49. Ng3 Rb8 50. Nf5 Rg8 51. b4 cxb4+ 52. Kxb4 Rg4 53.
Kc3 Rxe4 54. Nh6 f5 55. Kd3 Rd4+ 56. Kc3 Rd1 57. Ng8 f4 58. Ne7 f3 59. Ng6+ Kf5
60. Nh4+ Kg4 61. Nxf3 Kxf3 62. Kb4 Ke4 63. Kb5 Kd4 64. Kc6 Kxc4 65. Kd7 Kc5 66.
Ke7 Rf1 67. Kd7 Rf7+ 0-1

[Event "Open Semana Santa 2023"]
[Site "?"]
[Date "2023.04.10"]
[Round "9.131"]
[White "Arutyunov, Mikael"]
[Black "Paragua, Megan Althea"]
[Result "1/2-1/2"]
[WhiteElo "1481"]
[BlackElo "1900"]
[PlyCount "99"]

1. e4 c5 2. Nf3 d6 3. d4 cxd4 4. Nxd4 Nf6 5. Nc3 a6 6. Bc4 e6 7. O-O Be7 8. Bb3
O-O 9. Qf3 Qc7 10. Be3 b5 11. a3 Bb7 12. Bxe6 fxe6 13. Nxe6 Qc4 14. Nxf8 Bxf8
15. Rfe1 Nbd7 16. Bf4 Re8 17. Qd3 Nxe4 18. Qxc4+ bxc4 19. Nxe4 Rxe4 20. Rxe4
Bxe4 21. Re1 Bxc2 22. Re8 Kf7 23. Ra8 Nc5 24. Rxf8+ Kxf8 25. Bxd6+ Kf7 26. Bxc5
Ke6 27. Bf8 g6 28. f3 Kd5 29. Bg7 h5 30. Kf2 a5 31. Kg3 Ke6 32. Kf4 Kf7 33. Bc3
a4 34. Ke5 g5 35. f4 Kg6 36. Bd2 gxf4 37. Bxf4 Bb3 38. Bd2 Bc2 39. Kf4 Bf5 40.
Bc3 Bc2 41. g4 hxg4 42. Kxg4 Bb3 43. h4 Bd1+ 44. Kf4 Kh5 45. Be1 Bc2 46. Ke3
Kg4 47. Kd4 Bb3 48. Ke5 Kh5 49. Kf4 Bc2 50. Ke5 1/2-1/2

[Event "Open Semana Santa 2023"]
[Site "?"]
[Date "2023.04.10"]
[Round "9.132"]
[White "Blazquez Sanz, Oscar"]
[Black "Diriavka, Emma"]
[Result "1-0"]
[WhiteElo "1896"]
[BlackElo "1216"]
[PlyCount "115"]

1. e4 c6 2. d4 d5 3. e5 Bf5 4. c4 e6 5. Nc3 Bb4 6. Qb3 Bxc3+ 7. bxc3 Qc7 8. Ba3
Nd7 9. Bd6 Qb6 10. cxd5 Qxb3 11. axb3 exd5 12. b4 f6 13. f4 Ne7 14. Kd2 Ng6 15.
Ke3 Ndf8 16. b5 Kd7 17. Be2 Ne6 18. g3 Ne7 19. Bxe7 Kxe7 20. bxc6 bxc6 21. g4
Be4 22. Bf3 Bxf3 23. Nxf3 Rhb8 24. Rhb1 Rxb1 25. Rxb1 a5 26. f5 Nc7 27. e6 Nb5
28. Kd3 a4 29. Ra1 a3 30. Ra2 Ra4 31. Nd2 g6 32. fxg6 hxg6 33. Kc2 Kxe6 34. Kb3
Ra6 35. Kb4 f5 36. h3 fxg4 37. hxg4 Kf6 38. Nf3 Rb6 39. Ka5 Nxc3 40. Rxa3 Rb5+
41. Ka6 Ne4 42. Ne5 Rb1 43. Nxc6 Rg1 44. Ne5 Nf2 45. Rf3+ Kg5 46. Rxf2 Rd1 47.
Kb5 Rc1 48. Rf8 Rc2 49. Rg8 Kf4 50. Rxg6 Ke4 51. Nc6 Rb2+ 52. Kc5 Rc2+ 53. Kd6
Rg2 54. g5 Kf5 55. Rg8 Rxg5 56. Rxg5+ Kxg5 57. Kxd5 Kf4 58. Ke6 1-0

[Event "Open Semana Santa 2023"]
[Site "?"]
[Date "2023.04.10"]
[Round "9.133"]
[White "Aarav Sarbalia"]
[Black "Palomo Monserrat, Lorenzo"]
[Result "0-1"]
[WhiteElo "1478"]
[BlackElo "1890"]
[Annotator "Usuario"]
[PlyCount "70"]

1. e4 c5 2. Nf3 d6 3. d4 cxd4 4. Qxd4 Nc6 5. Qe3 Nf6 6. h3 e6 7. c4 Be7 8. Be2
O-O 9. O-O d5 10. cxd5 exd5 11. e5 d4 12. Qd3 Nd7 13. Nxd4 Ndxe5 14. Nxc6 Nxd3
15. Nxd8 Nxc1 16. Rxc1 Rxd8 17. Nc3 Rd2 18. Bf3 Be6 19. Nb5 Rad8 20. Bxb7 $11
Rxb2 21. a4 Rdd2 22. Rab1 Rxf2 23. Rxb2 Rxb2 24. Bf3 Bg5 25. Rc6 Be3+ 26. Kf1
Bf5 27. Be4 g6 28. Bxf5 gxf5 29. Nd6 f4 30. Nf5 Rf2+ 31. Ke1 h5 32. g4 hxg4 33.
hxg4 Rg2 34. Nh6+ Kh7 35. Nxf7 f3 0-1

[Event "Open Semana Santa 2023"]
[Site "?"]
[Date "2023.04.10"]
[Round "9.134"]
[White "Benet Saniger, Xavier"]
[Black "IM Campos Gambuti, Luis Maria"]
[Result "0-1"]
[WhiteElo "1682"]
[BlackElo "2311"]
[PlyCount "132"]

1. d4 d5 2. c4 dxc4 3. e3 Nf6 4. Bxc4 e6 5. Nf3 a6 6. O-O b5 7. Bd3 Bb7 8. Nbd2
c5 9. Qe2 Nc6 10. dxc5 Bxc5 11. Rd1 Qc7 12. b3 Nb4 13. Bb2 Nxd3 14. Qxd3 Rd8
15. Qe2 Qe7 16. Rac1 O-O 17. h3 Rc8 18. Ne5 Ba3 19. Ndf3 Nd5 20. Nd4 Bxb2 21.
Qxb2 b4 22. Ndc6 Qf6 23. Qd4 Nc3 24. Qxb4 Nxd1 25. Qxb7 Qxf2+ 26. Kh2 Rxc6 27.
Qxc6 Nxe3 28. Qf3 Qxf3 29. gxf3 Nd5 30. Kg3 Ra8 31. a3 f6 32. Nd3 Kf7 33. Rc6
a5 34. b4 axb4 35. axb4 Rb8 36. Rc4 Ke7 37. h4 e5 38. f4 exf4+ 39. Nxf4 Nxf4
40. Kxf4 Kd6 41. Rd4+ Ke6 42. Rc4 h5 43. Rc6+ Kd7 44. Rc4 Rb5 45. Rd4+ Ke6 46.
Rc4 Rd5 47. Ke4 Rd1 48. Kf4 Rb1 49. Rc6+ Kf7 50. Rb6 Rg1 51. b5 Rg4+ 52. Kf3
Rxh4 53. Rb8 Rb4 54. b6 Kg6 55. b7 Kg5 56. Ke3 Kg4 57. Kd3 h4 58. Kc3 Rb1 59.
Kc4 h3 60. Kc5 Kg3 61. Kc6 h2 62. Rh8 g5 63. Kc7 g4 64. b8=Q Rxb8 65. Kxb8 f5
66. Kc7 f4 0-1

[Event "Open Semana Santa 2023"]
[Site "?"]
[Date "2023.04.10"]
[Round "9.136"]
[White "Mendez Gimenez, Nestor Emmanuel"]
[Black "Laverton, Christian"]
[Result "1/2-1/2"]
[WhiteElo "1657"]
[BlackElo "2137"]
[PlyCount "91"]

1. e4 c5 2. Nf3 e6 3. d4 cxd4 4. Nxd4 Nc6 5. Nb5 d6 6. c4 Nf6 7. N1c3 a6 8. Nd4
Qa5 9. f3 Bd7 10. Be2 Rc8 11. Nxc6 Bxc6 12. Be3 Be7 13. O-O O-O 14. Qd2 Qc7 15.
Rfd1 b6 16. Rac1 Qb8 17. a4 Rfd8 18. Bf4 Qa8 19. Qe3 d5 20. Qxb6 dxe4 21. fxe4
Nxe4 22. Nxe4 Bxe4 23. Qf2 Qc6 24. Rxd8+ Rxd8 25. c5 Qxa4 26. Bf3 Bc6 27. Be3
Bf6 28. Bxc6 Qxc6 29. Qf3 Rd5 30. b4 Be5 31. Bf4 Bd4+ 32. Kh1 e5 33. Be3 Bb2
34. Rb1 Bc3 35. Rc1 Bxb4 36. h3 Ba5 37. Ra1 e4 38. Qe2 Bc7 39. Qxa6 Qe8 40. Qb7
Qe5 41. Ra8+ Rd8 42. Rxd8+ Bxd8 43. c6 h5 44. Qa8 Qc7 45. Bf4 Qxf4 46. Qxd8+
1/2-1/2

[Event "Open Semana Santa 2023"]
[Site "?"]
[Date "2023.04.10"]
[Round "9.137"]
[White "Pintor Avila, Avila,Antonio"]
[Black "Tudela Gonzalez, Victor"]
[Result "0-1"]
[WhiteElo "1656"]
[BlackElo "2094"]
[PlyCount "60"]

1. e4 c5 2. Nf3 d6 3. Bb5+ Nd7 4. d4 cxd4 5. Nxd4 Ngf6 6. Nc3 a6 7. Bxd7+ Bxd7
8. O-O e5 9. Nb3 Be7 10. a4 O-O 11. a5 Rc8 12. f3 Be6 13. Be3 d5 14. exd5 Nxd5
15. Nxd5 Qxd5 16. Rf2 Qb5 17. Bb6 Bd8 18. Be3 Bxb3 19. cxb3 Bxa5 20. Qf1 Qxb3
21. Ra3 Qd5 22. Rd3 Qe6 23. Qa1 Bb6 24. Bxb6 Qxb6 25. Kf1 Qb5 26. Rfd2 Rfd8 27.
Qd1 Rxd3 28. Rxd3 Rd8 29. Ke2 Rxd3 30. Qxd3 Qxb2+ 0-1

[Event "Open Semana Santa 2023"]
[Site "?"]
[Date "2023.04.10"]
[Round "9.139"]
[White "Pardo Ruiz, Carlos"]
[Black "Groapa, Aurelian"]
[Result "1-0"]
[WhiteElo "1972"]
[BlackElo "1692"]
[PlyCount "79"]

1. e4 e5 2. Nf3 Nc6 3. Bb5 d6 4. d3 Nf6 5. Nbd2 Be7 6. Nf1 Bd7 7. h3 h6 8. c3
Nh7 9. g4 Ng5 10. Bxg5 hxg5 11. Ne3 Bf6 12. Bxc6 Bxc6 13. c4 Bd7 14. Qd2 c6 15.
Ke2 g6 16. Rac1 Be6 17. Qb4 Qe7 18. b3 Rd8 19. Rc2 Kf8 20. Qa4 a6 21. Rcc1 Kg7
22. Rcg1 d5 23. h4 d4 24. Nc2 Qd7 25. hxg5 Be7 26. Qa5 Rxh1 27. Rxh1 Bxg4 28.
Qxe5+ f6 29. gxf6+ Bxf6 30. Qh2 Bh5 31. Rg1 Kf7 32. Qf4 Qh3 33. Rg3 Qh1 34. e5
Re8 35. Qxf6+ Kg8 36. Ncxd4 Rf8 37. Qe6+ Kh8 38. Rh3 Qc1 39. Qxg6 Qb2+ 40. Kf1
1-0

[Event "Open Semana Santa 2023"]
[Site "?"]
[Date "2023.04.10"]
[Round "9.140"]
[White "Mikalsen, Harald"]
[Black "Anton Ortiz, Carlos"]
[Result "1-0"]
[WhiteElo "1947"]
[BlackElo "1668"]
[PlyCount "71"]

1. e4 c5 2. Nf3 e6 3. c3 d5 4. exd5 exd5 5. Bb5+ Bd7 6. Bxd7+ Nxd7 7. O-O Bd6
8. Re1+ Ne7 9. d4 c4 10. Bg5 O-O 11. Nbd2 f6 12. Qe2 Kh8 13. Qe6 Nb6 14. Bh4
Ng6 15. Bg3 Bxg3 16. hxg3 Re8 17. Qf7 Qd7 18. Qxd7 Nxd7 19. Nf1 Kg8 20. Ne3 Nb6
21. Kf1 Rad8 22. Ke2 Na4 23. Rab1 b5 24. Kd2 Nb6 25. Re2 Rd6 26. Rbe1 Rde6 27.
Ng1 Kf8 28. Nh3 a6 29. f4 R6e7 30. f5 Nh8 31. Nf4 Rd7 32. Ne6+ Kf7 33. Nxd5 Rb8
34. Nxb6 Rxb6 35. Nc5 Rc7 36. Re8 1-0

[Event "Open Semana Santa 2023"]
[Site "?"]
[Date "2023.04.10"]
[Round "9.141"]
[White "Deusa Ballesteros, Luis Miguel"]
[Black "Sanchez Pablo, Pablo,Jorge"]
[Result "1/2-1/2"]
[WhiteElo "1873"]
[BlackElo "1654"]
[PlyCount "32"]

1. d4 d5 2. c4 dxc4 3. Nf3 Nf6 4. e3 a6 5. Bxc4 e6 6. O-O b5 7. Bd3 c5 8. Nc3
Bb7 9. Qe2 Nbd7 10. Rd1 Be7 11. a3 O-O 12. dxc5 Bxc5 13. b4 Bb6 14. Bb2 Qe7 15.
Rac1 Rac8 16. Bb1 Rfd8 1/2-1/2

[Event "Open Semana Santa 2023"]
[Site "?"]
[Date "2023.04.10"]
[Round "9.142"]
[White "Zaldivar, Gustavo"]
[Black "Demerson Joly, Javier"]
[Result "0-1"]
[WhiteElo "1645"]
[BlackElo "1863"]
[PlyCount "68"]

1. d4 d5 2. Bf4 e6 3. e3 Bd6 4. Nf3 Bxf4 5. exf4 Qd6 6. Ne5 Qb4+ 7. Nc3 c6 8.
Rb1 Nf6 9. f3 O-O 10. Bd3 Kh8 11. Be2 c5 12. O-O cxd4 13. Nb5 d3 14. Bxd3 Qxf4
15. Ng4 Nxg4 16. fxg4 Qe3+ 17. Kh1 Nc6 18. Rf3 Qe5 19. Rh3 g6 20. Qd2 Qg7 21.
Rf1 Rb8 22. Nd6 e5 23. Rh4 e4 24. Be2 Be6 25. c3 a6 26. Nf5 gxf5 27. gxf5 Qf6
28. Rh6 Qe5 29. f6 Rfd8 30. Rh5 e3 31. Qd3 Qe4 32. Qd1 Ne5 33. Rxe5 Qxe5 34.
Bd3 Rg8 0-1

[Event "Open Semana Santa 2023"]
[Site "?"]
[Date "2023.04.10"]
[Round "9.143"]
[White "Gonzalez Lopez, Lucas I"]
[Black "Bocos Delgado, Jon"]
[Result "1/2-1/2"]
[WhiteElo "1862"]
[BlackElo "1654"]
[PlyCount "98"]

1. d4 Nf6 2. c4 g6 3. Nc3 Bg7 4. e4 d6 5. Be2 O-O 6. h4 h6 7. Be3 Nbd7 8. Qd2
Kh7 9. g4 Ng8 10. g5 h5 11. Qd1 c5 12. d5 Qe8 13. Bxh5 Bxc3+ 14. bxc3 gxh5 15.
Qxh5+ Kg7 16. Qe2 f5 17. exf5 Nb6 18. Nh3 Bxf5 19. Nf4 Qa4 20. h5 Qxc4 21. h6+
Kh7 22. Qh5 Qe4 23. Rd1 Bg6 24. Qxg6+ Qxg6 25. Nxg6 Kxg6 26. h7 Nf6 27. gxf6
exf6 28. Ke2 Rh8 29. Rdg1+ Kf7 30. Rh5 Rae8 31. f4 Nc4 32. Rg3 Rxe3+ 33. Rxe3
Nxe3 34. Kxe3 Kg6 35. Rh1 Rxh7 36. f5+ Kg7 37. Re1 Kf8 38. Kd3 Re7 39. Rxe7
Kxe7 40. c4 b5 41. cxb5 Kd7 42. a4 a6 43. b6 Kc8 44. Kc4 Kb7 45. a5 Ka8 46. Kd3
Kb8 47. Kc4 Kc8 48. Kc3 Kd7 49. Kc4 Kc8 1/2-1/2

[Event "Open Semana Santa 2023"]
[Site "?"]
[Date "2023.04.10"]
[Round "9.144"]
[White "Rossello Sanchez, Bartolome"]
[Black "Mascarell Canet, Ricardo"]
[Result "0-1"]
[WhiteElo "1629"]
[BlackElo "1858"]
[PlyCount "110"]

1. d4 Nf6 2. Bf4 g6 3. Nc3 Bg7 4. e4 d6 5. Qd2 Nc6 6. O-O-O h6 7. Nge2 Bd7 8.
f3 a6 9. h4 h5 10. e5 Nh7 11. exd6 cxd6 12. Bh6 O-O 13. Bxg7 Kxg7 14. Nf4 Nf6
15. Be2 Qa5 16. g4 Rfd8 17. d5 hxg4 18. dxc6 Bxc6 19. fxg4 e5 20. Nfd5 Nxd5 21.
Nxd5 Qxa2 22. Qd3 Qa1+ 23. Kd2 Qxb2 24. Rc1 Rac8 25. Rb1 Qa2 26. Nc3 Qa5 27.
Ra1 Qc5 28. Qc4 Rc7 29. Qxc5 dxc5+ 30. Ke3 Rd4 31. Nd1 Rcd7 32. Nf2 Rf4 33. Nd3
Re4+ 34. Kf2 Bb5 35. Bf3 Bxd3 36. cxd3 Red4 37. Be2 R7d6 38. Rhc1 Rc6 39. Rc4
b5 40. Rxd4 exd4 41. Ra5 Kf6 42. Bf3 Rb6 43. Bd5 Ke5 44. Be4 c4 45. g5 c3 46.
Ke2 Kd6 47. Kd1 Kc5 48. Kc2 Kb4 49. Ra1 Rd6 50. Bb7 a5 51. Rf1 Rd7 52. Bc6 Re7
53. Rb1+ Kc5 54. Bxb5 Re2+ 55. Kc1 Re1+ 0-1

[Event "Open Semana Santa 2023"]
[Site "?"]
[Date "2023.04.10"]
[Round "9.145"]
[White "Padilla Lozano, Francisco Manuel"]
[Black "Andries, Leia"]
[Result "1-0"]
[WhiteElo "1855"]
[BlackElo "1627"]
[PlyCount "99"]

1. d4 Nf6 2. Bf4 e6 3. e3 c5 4. c3 d5 5. Nf3 Bd6 6. Bg3 Qc7 7. Bd3 Nbd7 8. Nbd2
O-O 9. O-O Bxg3 10. hxg3 e5 11. dxe5 Nxe5 12. Nxe5 Qxe5 13. Nf3 Qh5 14. Re1 Bg4
15. e4 dxe4 16. Bxe4 Nxe4 17. Rxe4 Rfe8 18. Qe2 Kf8 19. Re1 f6 20. Re7 b6 21.
Qe4 Bxf3 22. gxf3 Qg6 23. Qe6 f5 24. Qd7 Red8 25. Qb7 Rdb8 26. Qa6 f4 27. g4
Re8 28. Qb7 Reb8 29. Qc7 Re8 30. Qxf4+ Kg8 31. Qc7 Rxe7 32. Rxe7 h5 33. Qd7 Rf8
34. Qd5+ Kh7 35. Re5 Qb1+ 36. Kg2 hxg4 37. fxg4 Qc2 38. Rh5+ Kg6 39. Qg5+ Kf7
40. Qf5+ Qxf5 41. Rxf5+ Ke7 42. Rxf8 Kxf8 43. f4 Kf7 44. Kf3 g6 45. Ke4 Ke6 46.
f5+ gxf5+ 47. gxf5+ Kf6 48. Kf4 Ke7 49. Ke5 Kf7 50. f6 1-0

[Event "Open Semana Santa 2023"]
[Site "?"]
[Date "2023.04.10"]
[Round "9.146"]
[White "Borisova Douchkova, Vanesa"]
[Black "Jimenez Carrazoni, Javier"]
[Result "0-1"]
[WhiteElo "1617"]
[BlackElo "1848"]
[PlyCount "140"]

1. d4 Nf6 2. c4 c5 3. d5 b5 4. cxb5 a6 5. Nc3 axb5 6. Nxb5 Ba6 7. Nc3 g6 8. a4
Bg7 9. Ra3 O-O 10. Nf3 d6 11. e4 Bxf1 12. Kxf1 Qc8 13. Nd2 Na6 14. Nc4 Nb4 15.
Qe2 Qb7 16. g3 Rfb8 17. Kg2 Nd7 18. Bf4 Bxc3 19. bxc3 Nxd5 20. Bh6 N5f6 21. f3
Qa6 22. Re1 Nb6 23. Nxb6 Qxe2+ 24. Rxe2 Rxb6 25. Be3 Nd7 26. f4 Rba6 27. e5 f5
28. exd6 exd6 29. Bf2 Kf7 30. Rea2 Rb8 31. a5 Nf6 32. c4 Rb1 33. Re2 Ne4 34.
Kf3 Rb4 35. Rc2 Rxc4 36. Rb2 Rb4 37. Rxb4 cxb4 38. Ra4 Nf6 39. Rxb4 Rxa5 40.
Bb6 Ra3+ 41. Ke2 Nd5 42. Rb2 Ke6 43. Bd4 h5 44. Rb8 Ra2+ 45. Kf3 Rxh2 46. Rg8
Ne7 47. Re8 Rd2 48. Be3 Rd3 49. Ke2 Rb3 50. Kf2 Rc3 51. Ke2 Rc8 52. Rxc8 Nxc8
53. Kd3 Kd5 54. Bd4 Na7 55. Bf6 Nc6 56. Bc3 Nd8 57. Bd4 Ne6 58. Ba7 Nc5+ 59.
Ke3 Ne4 60. Kf3 Kc4 61. Kg2 d5 62. Kh3 d4 63. Kh4 Kc3 64. Bb6 d3 65. Be3 d2 66.
Bxd2+ Kxd2 67. Kh3 Ke2 68. Kh4 Kf3 69. g4 Kxf4 70. g5 Kf3 0-1

[Event "Open Semana Santa 2023"]
[Site "?"]
[Date "2023.04.10"]
[Round "9.147"]
[White "Urios Hernandez, Ramon"]
[Black "Ferrete Rueda, Juan Carlos"]
[Result "1-0"]
[WhiteElo "1844"]
[BlackElo "1620"]
[PlyCount "69"]

1. d4 Nf6 2. Bf4 e6 3. e3 c5 4. Nf3 Nc6 5. c3 d5 6. Bd3 Bd6 7. Bg3 cxd4 8. exd4
Qc7 9. Bxd6 Qxd6 10. O-O O-O 11. Re1 Re8 12. Ne5 a6 13. Re3 Nd7 14. Bxh7+ Kf8
15. Qh5 Ndxe5 16. dxe5 Qd7 17. Rf3 Nd8 18. Nd2 b5 19. Nb3 Ra7 20. Bg6 Kg8 21.
Qh7+ Kf8 22. Qh8+ Ke7 23. Qxg7 Rf8 24. Nc5 Qc7 25. b4 Bd7 26. Rd1 a5 27. a3
axb4 28. cxb4 Ke8 29. h4 Bc8 30. h5 Qe7 31. h6 fxg6 32. Rxf8+ Qxf8 33. Qxa7
Qxh6 34. Qc7 Qh5 35. Re1 1-0

[Event "Open Semana Santa 2023"]
[Site "?"]
[Date "2023.04.10"]
[Round "9.148"]
[White "Martinez Manzanares, Alejandro"]
[Black "Pousada Estevez, Daniel"]
[Result "1-0"]
[WhiteElo "1839"]
[BlackElo "1580"]
[PlyCount "75"]

1. d4 Nf6 2. c4 e6 3. Nc3 Bb4 4. Qc2 b6 5. a3 Bxc3+ 6. Qxc3 Bb7 7. Bg5 h6 8.
Bh4 d6 9. f3 Nbd7 10. e4 g5 11. Bf2 Qe7 12. Bd3 e5 13. Ne2 g4 14. Ng3 gxf3 15.
gxf3 O-O-O 16. Nf5 Qf8 17. b4 Re8 18. Rc1 Rg8 19. c5 exd4 20. Bxd4 Nd5 21. Qb3
dxc5 22. Kf2 Nf4 23. bxc5 bxc5 24. Be3 Nxd3+ 25. Qxd3 Re6 26. Rhd1 Ne5 27. Qb5
Rb6 28. Qxc5 Qxc5 29. Rxc5 Rb2+ 30. Bd2 Re8 31. Nd6+ Kd7 32. Nxe8 Nd3+ 33. Ke3
Nxc5 34. Bc3+ Kxe8 35. Bxb2 Ne6 36. Bf6 Kf8 37. f4 Kg8 38. f5 1-0

[Event "Open Semana Santa 2023"]
[Site "?"]
[Date "2023.04.10"]
[Round "9.149"]
[White "Schafer, Guillermo"]
[Black "Yurkovskaya, Yana"]
[Result "1-0"]
[WhiteElo "1802"]
[BlackElo "1578"]
[PlyCount "49"]

1. Nf3 d5 2. g3 c5 3. c4 d4 4. b4 cxb4 5. a3 Nc6 6. axb4 e5 7. Qa4 e4 8. Ne5
Qf6 9. Nxc6 Qxc6 10. b5 Qe6 11. Bg2 Bd7 12. O-O Rc8 13. d3 Nf6 14. Qxa7 exd3
15. exd3 Qe2 16. Qxb7 Bd6 17. Qf3 Qxf3 18. Bxf3 O-O 19. Nd2 Bf5 20. Ba3 Rfd8
21. Bxd6 Rxd6 22. Ra3 Nd7 23. Re1 Nc5 24. Re5 Bxd3 25. Rxc5 1-0

[Event "Open Semana Santa 2023"]
[Site "?"]
[Date "2023.04.10"]
[Round "9.150"]
[White "Sarto Ramos, Angel"]
[Black "Mansor Habash, Zouheir"]
[Result "1-0"]
[WhiteElo "1790"]
[BlackElo "1570"]
[PlyCount "89"]

1. d4 Nf6 2. Nf3 g6 3. Nc3 d5 4. Bf4 Bg7 5. h4 O-O 6. Ne5 c5 7. e3 Nbd7 8. Be2
Qa5 9. Qd2 cxd4 10. exd4 Rd8 11. h5 Nxe5 12. Bxe5 Bf5 13. f3 Nxh5 14. Bxg7 Nxg7
15. g4 Be6 16. Qh6 f5 17. Bd3 Rac8 18. O-O-O Kf7 19. gxf5 Bxf5 20. Bxf5 Nxf5
21. Qxh7+ Kf6 22. Rdg1 Rg8 23. Qh2 e6 24. Qe5+ Kf7 25. Ne4 Qc7 26. Ng5+ Ke8 27.
Qxe6+ Ne7 28. Qf7+ Kd7 29. c3 Rcf8 30. Qe6+ Kd8 31. Nf7+ Ke8 32. Ne5 g5 33. Re1
b5 34. Kb1 Rg7 35. Re3 Kd8 36. Rhe1 a5 37. Qa6 Nf5 38. Qa8+ Ke7 39. Ng6+ Kf7
40. Qxf8+ Kxg6 41. Re6+ Kh7 42. Qxf5+ Kh8 43. Re8+ Rg8 44. Rh1+ Kg7 45. Rh7#
1-0

[Event "Open Semana Santa 2023"]
[Site "?"]
[Date "2023.04.10"]
[Round "9.151"]
[White "Perez Pinazo, Jose Oscar"]
[Black "Cerdo Fernandez, Miguel"]
[Result "0-1"]
[WhiteElo "1612"]
[BlackElo "1783"]
[PlyCount "122"]
[EventDate "2023.??.??"]

1. d4 Nf6 2. Bf4 e6 3. e3 d5 4. Nf3 Bd6 5. Ne5 O-O 6. Nd2 b6 7. Bd3 Ba6 8. Bxa6
Nxa6 9. O-O c5 10. Qe2 Nb8 11. c3 Bxe5 12. Bxe5 Nc6 13. Bg3 Qd7 14. Rad1 Qb7
15. f3 cxd4 16. exd4 b5 17. f4 b4 18. f5 bxc3 19. bxc3 exf5 20. Rxf5 Rfe8 21.
Qf3 Re6 22. Nb3 Qe7 23. Bh4 Re3 24. Qf1 Re8 25. Bxf6 gxf6 26. Rf3 Rxf3 27. Qxf3
Qe3+ 28. Qxe3 Rxe3 29. Rc1 Re2 30. a4 Ra2 31. Nc5 Na5 32. Rf1 Nc4 33. Rxf6 Ne3
34. Rf3 Rxg2+ 35. Kh1 Re2 36. h3 Kg7 37. Nd3 f6 38. Nf4 Re1+ 39. Kh2 f5 40. a5
Kf6 41. Rxe3 Ra1 42. Nxd5+ Kg5 43. Re7 Rxa5 44. Nb4 h5 45. Re6 Ra3 46. Re3 a5
47. Nc6 a4 48. d5 Kf4 49. Rd3 Ra2+ 50. Kg1 a3 51. Rd1 Kg3 52. Nb4 Rg2+ 53. Kf1
f4 54. d6 f3 55. d7 Rh2 56. Kg1 f2+ 57. Kf1 Rh1+ 58. Ke2 Rxd1 59. Kxd1 f1=Q+
60. Kc2 Qe2+ 61. Kc1 Qe7 0-1